Nineties US Television Characters by Picture - Statistics

General Stats
  • This quiz has been taken 35 times
  • The average score is 12 of 24
Answer Stats
Picture Answer % Correct
Will Smith on The Fresh Prince of Bel-Air
97%
Chandler Bing on Friends
94%
Cosmo Kramer on Seinfeld
88%
Steve Urkel on Family Matters
88%
Doogie Houser on Doogie Houser M.D.
79%
Dana Scully on X Files
76%
Fran Fine on The Nanny
76%
Niles Crane on Frasier
76%
Danny Tanner on Full House
64%
Murphy Brown on Murphy Brown
64%
Brenda Walsh on Beverly Hills 90210
58%
Martin Payne on Martin
52%
Felicity Porter on Felicity
39%
Jamie Buchman on Mad About You
36%
Moesha Mitchell on Moesha
33%
Homey D. Clown on In Living Color
30%
Agent Dale Cooper from Twin Peaks
27%
Arnie Becker on L.A. Law
27%
Lennie Briscoe on Law & Order
27%
Captain Benjamin Sisko on Star Trek Deep Space Nine
24%
Sarah Reeves on Party of Five
21%
Joel Fleishman on Northern Exposure
18%
Tuvok on Star Trek Voyager
18%
Ling Woo on Ally McBeal
12%
No matching quizzes found
Score Distribution
Percent of People with Each Score
Percentile by Number Answered
Your Score History
You have not taken this quiz